| 000 | 00520nam a22001817a 4500 | ||
|---|---|---|---|
| 005 | 20251108164952.0 | ||
| 008 | 250721s1952 xx 000 0 ara d | ||
| 082 | 1 | 4 | _a214/ندى |
| 100 | 1 | _aالملاح، نديم | |
| 245 | 1 | 0 | _aالعقائد الإسلامية / |
| 264 | 1 |
_aالقدس : _bدار الإيتام الإسلاميه، _c1952. |
|
| 300 | _a221ص | ||
| 650 | 1 | 7 | _aالإسلام |
| 650 | 1 | 7 | _aأصول الدين الإسلامي |
| 650 | 1 | 7 | _aالتوحيد |
| 942 |
_2ddc _cBK |
||
| 999 |
_c18680 _d18680 |
||